000 00483cam a22002051 4500
001 sa 65005527
003 DLC
005 20260227112138.0
008 890615s1965 ii a 000 0 hino
010 _asa 65005527
035 _a(OCoLC)19877015
040 _aDLC
_cWaU
_dDLC
042 _apremarc
050 0 0 _aPK2098.14.R3
_bG5
100 1 _aBhramar, Ramkumar,
_d1938-
245 1 0 _aGirastina.
260 _c[1965]
300 _a170 p.
_billus.
_c19 cm.
500 _aIn Hindi.
999 _c64381
_d64381